Mario's Top 100 Artists - Statistics

General Stats
  • This quiz has been taken 23 times
  • The average score is 45 of 100
Answer Stats
Most Played Song Plays Answer % Correct
Every Breath You Take 86 The Police
95%
Paint It Black 27 The Rolling Stones
95%
Sultans of Swing 297 Dire Straits
90%
Killer Queen 277 Queen
90%
Californication 197 Red Hot Chili Peppers
90%
Losing My Religion 82 R.E.M.
90%
You Shook Me All Night Long 31 AC/DC
85%
Hotel California 25 Eagles
85%
Jailhouse Rock 12 Elvis Presley
85%
Space Oddity 31 David Bowie
80%
November Rain 116 Guns N' Roses
80%
Here Comes the Sun 28 The Beatles
80%
One 211 U2
80%
Fortunate Son 24 Creedence Clearwater Revival
75%
Rocket Man 17 Elton John
75%
Stairway to Heaven 51 Led Zeppelin
75%
Black Hole Sun 174 Soundgarden
75%
Seven Nation Army 52 The White Stripes
75%
Buddy Holly 125 Weezer
75%
Dream On 54 Aerosmith
70%
Like A Rolling Stone 15 Bob Dylan
70%
More Than a Feeling 41 Boston
70%
Free Bird 40 Lynyrd Skynyrd
70%
Blitzkrieg Bop 35 Ramones
70%
London Calling 101 The Clash
70%
Mr. Brightside 82 The Killers
70%
Song 2 30 Blur
65%
Mr. Blue Sky 39 Electric Light Orchestra
65%
Even Flow 129 Pearl Jam
65%
Jump 18 Van Halen
65%
Sharp Dressed Man 27 ZZ Top
65%
Everlong 222 Foo Fighters
60%
Feel Good Inc. 14 Gorillaz
60%
One 173 Metallica
60%
About a Girl 581 Nirvana
60%
Time 76 Pink Floyd
60%
R U Mine? 460 Arctic Monkeys
55%
Paranoid 32 Black Sabbath
55%
Don't Look Back In Anger 57 Oasis
55%
Hold The Line 23 Toto
55%
Man In The Box 68 Alice in Chains
50%
Call Me 20 Blondie
50%
Jesus of Suburbia 2,926 Green Day
50%
Du Hast 14 Rammstein
50%
God Save the Queen 19 Sex Pistols
50%
How To Save A Life 20 The Fray
50%
Owner of a Lonely Heart 39 Yes
50%
Kryptonite 23 3 Doors Down
45%
Layla 13 Derek and the Dominos
45%
Take Me Out 50 Franz Ferdinand
45%
The Trooper 40 Iron Maiden
45%
Numb 28 Linkin Park
45%
Boys Don't Cry 19 The Cure
45%
Bullet With Butterfly Wings 20 The Smashing Pumpkins
45%
Sex On FIre 17 Kings of Leon
40%
Jigsaw Falling Into Place 527 Radiohead
40%
Toxicity 37 System of a Down
40%
The Kids Aren't Alright 145 The Offspring
40%
I Miss You 194 blink-182
35%
Mr. Jones 14 Counting Crows
35%
The Middle 18 Jimmy Eat World
35%
Uprising 87 Muse
35%
Misery Business 18 Paramore
35%
Go With the Flow 44 Queens of the Stone Age
35%
Fat Lip 291 Sum 41
35%
Last Nite 61 The Strokes
35%
Don't Panic 352 Coldplay
30%
Thnks fr th Mmrs 29 Fall Out Boy
30%
Somewhere Only We Know 16 Keane
30%
Helena 247 My Chemical Romance
30%
Wind of Change 61 Scorpions
30%
Bargain 22 The Who
30%
The Passenger 16 Iggy Pop
25%
Harder To Breathe 19 Maroon 5
25%
Here Comes Your Man 22 Pixies
25%
Savior 101 Rise Against
25%
There Is a Light That Never Goes Out 14 The Smiths
25%
Like a Stone 187 Audioslave
20%
Have a Nice Day 35 Bon Jovi
20%
American Jesus 13 Bad Religion
15%
1985 31 Bowling for Soup
15%
Come A Little Closer 12 Cage the Elephant
15%
In the Aeroplane Over the Sea 31 Neutral Milk Hotel
15%
SInce You've Been Gone 13 Rainbow
15%
Dreams 65 The Cranberries
15%
When Your Heart Stops Beating 21 +44
10%
Animal I Have Become 26 Three Days Grace
10%
Never Meant 14 American Football
5%
Xtal 15 Aphex Twin
5%
Wet Hands 33 C418
5%
Besos 37 El Canto del Loco
5%
Como Camarón 25 Estopa
5%
So Payaso 18 Extremoduro
5%
Drive 37 Incubus
5%
Celeste Soundtrack 23 Lena Raine
5%
Segundo Premio 19 Los Planetas
5%
Harness Your Hopes 19 Pavement
5%
Besties 14 Black Country, New Road
0%
Peaceful Day 28 Pennywise
0%
Killing in the Name 34 Race Against the Machine
0%
No matching quizzes found
Score Distribution
Percent of People with Each Score
Percentile by Number Answered
Your Score History
You have not taken this quiz